100 World Leaders Quiz - Statistics

General Stats
  • This quiz has been taken 1,358 times
    1,113 since last reset
  • The average score is 20 of 100
Answer Stats
Picture Hint Answer % Correct
President of the United States Joe Biden
99%
President of Russia Vladimir Putin
95%
President of France Emmanuel Macron
92%
Prime Minister of Canada Justin Trudeau
92%
President of China Xi Jinping
91%
Prime Minister of the United Kingdom Rishi Sunak
76%
President of Turkey Recep Tayyip Erdoğan
72%
Prime Minister of India Narendra Modi
71%
Prime Minister of Israel Benjamin Netanyahu
69%
President of Ukraine Volodymyr Zelensky
68%
Chancellor of Germany Olaf Scholz
66%
Prime Minister of Italy Giorgia Meloni
54%
President of Brazil Luiz Inácio Lula da Silva
53%
Crown Prince of Saudi Arabia Mohammad bin Salman al Saud
49%
President of Belarus Alexander Lukashenko
48%
Prime Minister of Hungary Viktor Orbán
45%
President of Venezuela Nicolás Maduro
41%
President of Mexico Andrés Manuel López Obrador
35%
Prime Minister of Spain Pedro Sánchez
35%
Prime Minister of the Netherlands Mark Rutte
33%
Prime Minister of Finland Sanna Marin
33%
Prime Minister of Australia Anthony Albanese
32%
President of Egypt Abd al-Fattah as-Sisi
28%
King of Morocco Mohammed VI
27%
King of Jordan Abdullah II
25%
President of the Philippines Ferdinand Marcos jr.
23%
Prime Minister of Japan Fumio Kishida
23%
President of South Africa Cyril Ramaphosa
19%
President of Indonesia Joko Widodo
19%
Taoiseach of Ireland Leo Varadkar
18%
President of Taiwan Tsai Ing-wen
18%
President of Chile Gabriel Boric
17%
President of Argentina Alberto Fernández
16%
President of Azerbaijan Ilham Aliyev
14%
Prime Minister of Thailand Prayut Chan-o-cha
14%
Prime Minister of Ethiopia Abiy Ahmed
13%
President of Iran Ebrahim Raisi
13%
Prime Minister of Poland Mateusz Morawiecki
12%
Prime Minister of Belgium Alexander de Croo
11%
Prime Minister of Portugal António Costa
11%
President of Colombia Gustavo Petro
11%
Prime Minister of Estonia Kaja Kallas
11%
Prime Minister of Denmark Mette Frederiksen
11%
President of Kazakhstan Kassym-Jomart Tokayev
10%
Prime Minister of Sweden Ulf Kristersson
10%
President of South Korea Yoon Suk-yeol
10%
Chancellor of Austria Karl Nehammer
9%
Prime Minister of Greece Kyriakos Mitsotakis
9%
President of Romania Klaus Iohannis
8%
Prime Minister of Pakistan Shehbaz Sharif
8%
Prime Minister of New Zealand Chris Hipkins
7%
President of Peru Dina Boluarte
7%
Prime Minister of Norway Jonas Gahr Støre
7%
President of Bolivia Luis Arce
7%
President of Nigeria Muhammadu Buhari
7%
President of Cameroon Paul Biya
7%
Prime Minister of Serbia Ana Brnabić
6%
King of Bahrain Hamad bin Isa Al Khalifa
6%
President of Uruguay Luis Lacalle Pou
6%
President of the United Arab Emirates Mohammed bin Zayed Al Nahyan
6%
Prime Minister of the Czech Republic Petr Fiala
6%
President of Turkmenistan Serdar Berdimuhamedow
6%
Prime Minister of Luxembourg Xavier Bettel
6%
President of Switzerland Alain Berset
5%
Prime Minister of Croatia Andrej Plenković
5%
Prime Minister of Malaysia Anwar Ibrahim
5%
President of Ecuador Guillermo Lasso
5%
Prime Minister of Singapore Lee Hsien Loong
5%
President of Kenya William Ruto
5%
President of Uganda Yoweri Museveni
5%
President of Algeria Abdelmadjid Tebboune
4%
President of Zimbabwe Emmerson Mnangagwa
4%
President of Angola João Lourenço
4%
President of Tunisia Kais Saied
4%
Prime Minister of Iraq Mohammed Shia' Al Sudani
4%
Prime Minister of Slovenia Robert Golob
4%
President of Uzbekistan Shavkat Mirziyoyev
4%
Emir of Qatar Tamim bin Hamad
4%
Chairman of the Transitional Sovereignty Council of Sudan Abdel Fattah al-Burhan
3%
President of the Democratic Republic of the Congo Félix Tshisekedi
3%
Sultan of Oman Haitham bin Tariq
3%
President of the Dominican Republic Luis Abinader
3%
Chairman of the State Administration Council of Myanmar Min Aung Hlaing
3%
President of Ghana Nana Akufo-Addo
3%
Emir of Kuwait Nawaf Al-Ahmad Al-Jaber Al-Sabah
3%
President of Côte d'Ivoire Alassane Ouattara
2%
President of Guatemala Alejandro Giammattei
2%
Prime Minister of Slovakia Eduard Heger
2%
Prime Minister of Lithuania Ingrida Šimonytė
2%
Prime Minister of Latvia Krišjānis Kariņš
2%
President of Panama Laurentino Cortizo
2%
President of Paraguay Mario Abdo Benítez
2%
Prime Minister of Nepal Pushpa Kamal Dahal
2%
President of Sri Lanka Ranil Wickremesinghe
2%
President of Tanzania Samia Suluhu
2%
Prime Minister of Bangladesh Sheikh Hasina Wazed
2%
Prime Minister of Bulgaria Galab Donev
1%
Chairman of the Presidential Council of Libya Mohamed al-Menfi
1%
President of Costa Rica Rodrigo Chaves Robles
1%
President of Vietnam Võ Thị Ánh Xuân
1%
No matching quizzes found
Score Distribution
Percent of People with Each Score
Percentile by Number Answered
Your Score History
You have not taken this quiz since the last reset